Azahares
I tiakina i:
| Kaituhi matua: | |
|---|---|
| Hōputu: | Pukapuka |
| Reo: | Pāniora |
| I whakaputaina: |
Santiago
Imprenta Cervantes
1885
|
| Putanga: | 1a. ed |
| Ngā marau: | |
| Ngā Tūtohu: |
Tāpirihia he Tūtohu
Kāore He Tūtohu, Me noho koe te mea tuatahi ki te tūtohu i tēnei pūkete!
|
MARC
| LEADER | 00000nam a2200000 a 4500 | ||
|---|---|---|---|
| 001 | UCJ3308 | ||
| 003 | CL-VaPUC | ||
| 008 | 070124e18850426CL |||||||||||||||||spa|d | ||
| 082 | 0 | 4 | |a Ch861 |b DAV |2 21 |
| 100 | 0 | |a Dávila Boza, Ricardo |e author |9 505054 | |
| 245 | 1 | 0 | |a Azahares |
| 250 | |a 1a. ed | ||
| 300 | |a 33 p | ||
| 942 | |c BK | ||
| 945 | |d 20070124 00:00:00 |a rinostro | ||
| 260 | |a Santiago |b Imprenta Cervantes |c 1885 | ||
| 600 | 0 | 7 | |a BUDGE, DELIA M. A. |2 CL-VaPUC |9 505055 |
| 650 | 0 | |a Poesía chilena |9 268403 | |
| 583 | |a last modification |c 20070124 00:00:00 |k Rodrigo Vera | ||
| 999 | |c 319430 |d 319428 | ||
| 952 | |0 0 |1 0 |4 0 |6 CH_861_000000000000000_DAV_1885 |7 0 |8 X |9 397752 |a FDOBUD |b FDOBUD |d 2019-11-22 |i 1002139 |o Ch861 DAV 1885 |p 1002139 |r 2019-11-22 |w 2019-11-22 |y BK_X |k BUD | ||